| 000 | 00626nam a22001931a 4500 | ||
|---|---|---|---|
| 001 | 12414 | ||
| 003 | OSt | ||
| 005 | 20260204212325.0 | ||
| 008 | 150925s2012|||| ||||||b||||||||||spa|| | ||
| 020 | _a9789945874037 | ||
| 082 | _aRD 972.9304 B651p | ||
| 100 | _aBosch, Juan | ||
| 245 | _aLa pequeña Burgesia en la Historia de la Republica Dominicana/ Juan Bosch | ||
| 264 | _aSanto Domingo: Talleres Soto Castillo | ||
| 300 | _a109 p. | ||
| 500 | _aincluye bibliografia | ||
| 650 | _a1-REPUBLICA DOMINICANA-HISTORIA-1844-1861-2-CLASE MEDIA-REPUBLICA DOMINICANA 3- CLASE SOCIALES-REPUBLICA DOMINICANAÌ | ||
| 942 |
_2ddc _cBK |
||
| 999 |
_c12414 _d12414 |
||